Normal view
MARC view
- اعداد الأسمر راجي؛اشراف إميل يعقوب
Entry Personal Name
001 - CONTROL NUMBER
- control field: 7631
003 - CONTROL NUMBER IDENTIFIER
- control field: JO-AjAnu
005 - DATE AND TIME OF LATEST TRANSACTION
- control field: 20230606071531.0
008 - FIXED-LENGTH DATA ELEMENTS
- fixed length control field: 230606|| aca||aabn | a|a d
040 ## - CATALOGING SOURCE
- Original cataloging agency: JO-AjAnu
- Transcribing agency: JO-AjAnu
100 ## - HEADING--PERSONAL NAME
- Personal name: اعداد الأسمر راجي؛اشراف إميل يعقوب
670 ## - SOURCE DATA FOUND
- Source citation: Work cat.: (JO-AjAnu)3946: اعداد الأسمر راجي؛اشراف إميل يعقوب, author, دليل البلاغة العربية الواضحة: دليل للمعلم يتضمن حلول التمرينات التي اشتمل عليها كتاب البلاغة العربية الواضحة